[Event "HUN-chT3 0102"]
[Site "Hungary"]
[Date "2002.03.24"]
[Round "9"]
[White "Pacsay, Laszlo"]
[Black "Varga, Laszlo"]
[Result "1/2-1/2"]
[WhiteElo "2253"]
[BlackElo "2207"]
[PlyCount "35"]
[EventDate "2001.09.30"]
[EventType "team"]
[EventRounds "11"]
[EventCountry "HUN"]
[SourceTitle "EXT 2004"]
[Source "ChessBase"]
[SourceDate "2003.11.25"]
[SourceVersion "1"]
[SourceVersionDate "2003.11.25"]
[SourceQuality "1"]

1. d4 e6 2. c4 d5 3. Nc3 Nf6 4. Bg5 Be7 5. Nf3 0-0 6. e3 Nbd7 7. Qc2 c6 8. 0-0-0 a6 9. Bd3 h6 10. h4 b5 11. cxd5 exd5 12. Kb1 Re8 13. Bxf6 Nxf6 14. Ne5 Qd6 15. Be2 c5 16. g4 cxd4 17. exd4 b4 18. Na4 1/2-1/2

[Event "HUN-chT3 0102"]
[Site "Hungary"]
[Date "2001.09.30"]
[Round "1.3"]
[White "Pacsay, Laszlo"]
[Black "Adam, Olga"]
[Result "1-0"]
[WhiteElo "2253"]
[BlackElo "2156"]
[PlyCount "95"]
[EventDate "2001.09.30"]
[EventType "team"]
[EventRounds "11"]
[EventCountry "HUN"]
[SourceTitle "EXT 2004"]
[Source "ChessBase"]
[SourceDate "2003.11.25"]
[SourceVersion "1"]
[SourceVersionDate "2003.11.25"]
[SourceQuality "1"]

1. d4 Nf6 2. c4 c5 3. d5 b5 4. cxb5 a6 5. bxa6 Bxa6 6. Nc3 d6 7. e4 Bxf1 8. Kxf1 g6 9. Nf3 Nbd7 10. g3 Bg7 11. Kg2 0-0 12. Re1 Qa5 13. e5 Ng4 14. exd6 exd6 15. Bf4 Nge5 16. Nxe5 Nxe5 17. Ne4 Qb6 18. Qe2 Rfe8 19. Nc3 c4 20. Bxe5 Bxe5 21. Qc2 Qb7 22. Rad1 Reb8 23. Re2 Ra5 24. Red2 Bxc3 25. bxc3 Rba8 26. Qe4 Qb5 27. Qf4 Qc5 28. Re1 Qc7 29. Qf6 Rf8 30. h4 Qd8 31. Qf4 Qa8 32. Qxc4 Rc8 33. Qd4 Rxa2 34. Rxa2 Qxa2 35. c4 Qa5 36. Re7 Qc5 37. Qf4 Rf8 38. h5 gxh5 39. Rd7 Qb4 40. Rxd6 Rc8 41. Rd7 Rf8 42. Rc7 Qb1 43. Re7 Qb4 44. Qg5+ Kh8 45. Qf6+ Kg8 46. Re5 Rb8 47. Qg5+ Kf8 48. Qh6+ 1-0

[Event "HUN-chT3 0001"]
[Site "Hungary"]
[Date "2001.04.22"]
[Round "11.3"]
[White "Teglas, Marton"]
[Black "Pacsay, Laszlo"]
[Result "1-0"]
[WhiteElo "2151"]
[BlackElo "2253"]
[PlyCount "73"]
[EventDate "2000.10.29"]
[EventType "team"]
[EventRounds "11"]
[EventCountry "HUN"]
[SourceTitle "EXT 2007"]
[Source "ChessBase"]
[SourceDate "2006.11.23"]
[SourceVersion "1"]
[SourceVersionDate "2006.11.23"]
[SourceQuality "1"]

1. e4 e5 2. Nf3 Nf6 3. Nxe5 d6 4. Nf3 Nxe4 5. d4 d5 6. Bd3 Be7 7. 0-0 Bg4 8. Re1 f5 9. c4 0-0 10. cxd5 Qxd5 11. Qc2 Kh8 12. Bxe4 fxe4 13. Qxe4 Bxf3 14. Qxd5 Bxd5 15. Rxe7 Nc6 16. Rxc7 Nxd4 17. Be3 Ne2+ 18. Kf1 Nf4 19. Bxf4 Rxf4 20. Nc3 Bc6 21. Re1 Raf8 22. f3 R8f7 23. Ree7 Rxe7 24. Rxe7 Kg8 25. Kf2 Kf8 26. Rc7 Rf5 27. Ke3 h5 28. Ne4 h4 29. g3 hxg3 30. hxg3 Rb5 31. b3 Ra5 32. a4 Re5 33. g4 a5 34. Kd4 Rd5+ 35. Kc4 Re5 36. Nd6 Bxf3 37. Rf7+ 1-0

[Event "HUN-chT3 0001"]
[Site "Hungary"]
[Date "2001.02.25"]
[Round "7.2"]
[White "Pacsay, Laszlo"]
[Black "Szekely, Csaba"]
[Result "0-1"]
[WhiteElo "2253"]
[BlackElo "2217"]
[PlyCount "128"]
[EventDate "2000.10.29"]
[EventType "team"]
[EventRounds "11"]
[EventCountry "HUN"]
[SourceTitle "EXT 2007"]
[Source "ChessBase"]
[SourceDate "2006.11.23"]
[SourceVersion "1"]
[SourceVersionDate "2006.11.23"]
[SourceQuality "1"]

1. d4 Nf6 2. c4 e6 3. Nc3 c5 4. d5 exd5 5. cxd5 d6 6. e4 g6 7. f3 Bg7 8. Bg5 0-0 9. Qd2 Re8 10. Nge2 a6 11. a4 Qa5 12. Bf4 Rd8 13. Nc1 b5 14. Ra2 b4 15. Nd1 Qc7 16. Bc4 Nbd7 17. Ne3 Nh5 18. Bg5 f6 19. Bh4 g5 20. Bg3 Nxg3 21. hxg3 Ne5 22. g4 Qe7 23. Ne2 Nxc4 24. Nxc4 Bxg4 25. Na5 Bd7 26. g4 Qe5 27. b3 Be8 28. Kf2 Qe7 29. Ng3 Qc7 30. Nc4 Bg6 31. Kg1 Ra7 32. Qh2 Bf8 33. Qh3 Qe7 34. Re2 Qe8 35. Kh2 h6 36. Rhe1 Rh7 37. Nh5 Rf7 38. Kg1 Qd7 39. Ng3 Rh7 40. Nh5 Rf7 41. Rh2 Rc8 42. Qf1 Bg7 43. Nxg7 Kxg7 44. Qh3 Rh8 45. Qg3 Rd8 46. Kg2 Rff8 47. Reh1 Rh8 48. Rh3 Qe7 49. Kf2 Be8 50. Qh2 h5 51. gxh5 Bd7 52. h6+ Kh7 53. Rg3 Rhg8 54. Rg2 Bc8 55. Ne3 a5 56. Nc4 f5 57. Nxa5 Qf6 58. exf5 Qd4+ 59. Kg3 g4 60. f4 Qe3+ 61. Kh4 g3 62. Rxg3 Qxf4+ 63. Kh3 Bxf5+ 64. Kg2 Rxg3+ 0-1

[Event "HUN-chT3 9900"]
[Site "Hungary"]
[Date "2000.04.02"]
[Round "11"]
[White "Pacsay, Laszlo"]
[Black "Rozsa, Sandor"]
[Result "1/2-1/2"]
[WhiteElo "2253"]
[BlackElo "2152"]
[PlyCount "41"]
[EventDate "1999.09.26"]
[EventType "team"]
[EventRounds "11"]
[EventCountry "HUN"]
[SourceTitle "EXT 2002"]
[Source "ChessBase"]
[SourceDate "2001.11.25"]
[SourceVersion "1"]
[SourceVersionDate "2001.11.25"]
[SourceQuality "1"]

1. d4 Nf6 2. c4 g6 3. Nc3 Bg7 4. g3 d6 5. Bg2 0-0 6. Nf3 Nbd7 7. 0-0 c5 8. e3 a6 9. b3 Rb8 10. a4 Qc7 11. Qc2 Re8 12. Bb2 Nf8 13. h3 Bf5 14. e4 Bc8 15. e5 dxe5 16. dxe5 N6d7 17. Nd5 Qd8 18. Rad1 e6 19. Nc3 Qc7 20. Rfe1 b6 21. Ne4 1/2-1/2

[Event "HUN-chT3 9900"]
[Site "Hungary"]
[Date "1999.12.05"]
[Round "5"]
[White "Torma, Robert"]
[Black "Pacsay, Laszlo"]
[Result "1/2-1/2"]
[WhiteElo "2056"]
[BlackElo "2253"]
[PlyCount "77"]
[EventDate "1999.09.26"]
[EventType "team"]
[EventRounds "11"]
[EventCountry "HUN"]
[SourceTitle "EXT 2002"]
[Source "ChessBase"]
[SourceDate "2001.11.25"]
[SourceVersion "1"]
[SourceVersionDate "2001.11.25"]
[SourceQuality "1"]

1. e4 e5 2. Nf3 Nf6 3. Nxe5 d6 4. Nf3 Nxe4 5. d4 d5 6. Bd3 Nc6 7. 0-0 Bg4 8. Re1 Be7 9. c3 f5 10. Bf4 0-0 11. Nbd2 Bh4 12. Bg3 Bg5 13. h3 Bxd2 14. hxg4 Bxe1 15. Nxe1 f4 16. Bh2 Qd7 17. Qf3 Rae8 18. Nc2 Ng5 19. Qd1 Ne7 20. f3 Qd6 21. Qd2 Ng6 22. Re1 Rxe1+ 23. Qxe1 Ne7 24. Qd2 Ne6 25. Kf1 Rf6 26. Kg1 Rh6 27. Qc1 g5 28. Qe1 Nf8 29. Qd2 c6 30. Qd1 Qe6 31. Qd2 Rh4 32. g3 Rh3 33. Qg2 Rxh2 34. Qxh2 Neg6 35. Qh6 Qe7 36. Bxg6 Nxg6 37. Qh2 fxg3 38. Qxg3 Nf4 39. Qe1 1/2-1/2

[Event "HUN-chT2 9899"]
[Site "Hungary"]
[Date "1999.??.??"]
[Round "?"]
[White "Pacsay, Laszlo"]
[Black "Markus, Robert"]
[Result "0-1"]
[WhiteElo "2275"]
[BlackElo "2270"]
[PlyCount "80"]
[EventDate "1998.??.??"]
[EventType "team"]
[EventRounds "12"]
[EventCountry "HUN"]
[SourceTitle "EXT 2000"]
[Source "ChessBase"]
[SourceDate "1999.11.16"]
[SourceVersion "1"]
[SourceVersionDate "1999.11.16"]
[SourceQuality "1"]

1. d4 Nf6 2. c4 e6 3. Nc3 Bb4 4. Qc2 0-0 5. Nf3 d6 6. Bg5 h6 7. Bh4 Qe7 8. a3 Bxc3+ 9. Qxc3 Nbd7 10. e3 b6 11. Be2 Bb7 12. 0-0 g5 13. Bg3 Ne4 14. Qc2 f5 15. d5 e5 16. Ne1 Ndf6 17. f3 Nxg3 18. hxg3 Bc8 19. f4 Bd7 20. fxg5 hxg5 21. Rxf5 Bxf5 22. Qxf5 Qg7 23. Nf3 Rae8 24. Qxg5 Ne4 25. Qxg7+ Kxg7 26. g4 Rh8 27. Re1 Ng3 28. Kf2 Nxe2 29. Rxe2 Rh1 30. Rc2 Rb1 31. Ke2 Rh8 32. Kd2 Kg6 33. Kc3 Rhh1 34. Kb3 Rbc1 35. Re2 Rhd1 36. Kb4 Rd3 37. Ne1 a5+ 38. Ka4 Rxc4+ 39. b4 Rxd5 40. Kb3 Rxg4 0-1

[Event "HUN-chT2 9899"]
[Site "Hungary"]
[Date "1998.??.??"]
[Round "?"]
[White "Pacsay, Laszlo"]
[Black "Schrancz, Istvan"]
[Result "1/2-1/2"]
[WhiteElo "2275"]
[BlackElo "2265"]
[PlyCount "26"]
[EventDate "1998.??.??"]
[EventType "team"]
[EventRounds "12"]
[EventCountry "HUN"]
[SourceTitle "EXT 2000"]
[Source "ChessBase"]
[SourceDate "1999.11.16"]
[SourceVersion "1"]
[SourceVersionDate "1999.11.16"]
[SourceQuality "1"]

1. d4 Nf6 2. c4 Nc6 3. d5 Ne5 4. e4 e6 5. Nc3 Bb4 6. Bd2 Qe7 7. Qe2 exd5 8. cxd5 0-0 9. 0-0-0 d6 10. f3 c6 11. g4 Bxc3 12. Bxc3 cxd5 13. exd5 Re8 1/2-1/2

[Event "HUN-chT2 9798"]
[Site "Hungary"]
[Date "1998.??.??"]
[Round "?"]
[White "Szabo, J."]
[Black "Pacsay, Laszlo"]
[Result "1-0"]
[WhiteElo "2280"]
[BlackElo "2280"]
[PlyCount "43"]
[EventDate "1997.??.??"]
[EventType "team"]
[EventRounds "11"]
[EventCountry "HUN"]
[SourceTitle "EXT 1999"]
[Source "ChessBase"]
[SourceDate "1998.11.16"]
[SourceVersion "1"]
[SourceVersionDate "1998.11.16"]
[SourceQuality "1"]

1. e4 e5 2. Nc3 Nf6 3. f4 d5 4. fxe5 Nxe4 5. Nf3 Nc6 6. Qe2 Nc5 7. d4 Ne6 8. Be3 Bb4 9. Qf2 0-0 10. Bd3 f5 11. exf6 Qxf6 12. 0-0 Bxc3 13. bxc3 Qe7 14. Rab1 h6 15. Qg3 Rf6 16. Ne5 Ng5 17. Rxf6 Qxf6 18. Rf1 Qe7 19. Ng6 Qd8 20. Bxg5 hxg5 21. Qxg5 Be6 22. Qh5 1-0

[Event "HUN-chT2 9798"]
[Site "Hungary"]
[Date "1997.??.??"]
[Round "?"]
[White "Pacsay, Laszlo"]
[Black "Mihok, Laszlo"]
[Result "1-0"]
[WhiteElo "2280"]
[BlackElo "2225"]
[PlyCount "75"]
[EventDate "1997.??.??"]
[EventType "team"]
[EventRounds "11"]
[EventCountry "HUN"]
[SourceTitle "EXT 1999"]
[Source "ChessBase"]
[SourceDate "1998.11.16"]
[SourceVersion "1"]
[SourceVersionDate "1998.11.16"]
[SourceQuality "1"]

1. d4 d5 2. c4 c6 3. cxd5 cxd5 4. Nc3 Nf6 5. Bf4 Nc6 6. e3 a6 7. Bd3 Bg4 8. f3 Bh5 9. Qb3 Na5 10. Qa4+ Nc6 11. Rc1 e6 12. Nge2 Bg6 13. Bxg6 hxg6 14. 0-0 Nh5 15. Bg3 Nxg3 16. hxg3 Bd6 17. Kf2 Qd7 18. Qd1 b5 19. Rh1 Rh6 20. Rxh6 gxh6 21. g4 Bf8 22. Nf4 Bg7 23. Nce2 Rc8 24. Nd3 Nd8 25. Nc5 Qd6 26. Nb7 Nxb7 27. Rxc8+ Kd7 28. Qc1 Nd8 29. Ra8 Bf6 30. Qc8+ Ke8 31. g3 Qb4 32. Qc3 Qd6 33. Qa5 h5 34. Rxa6 Qd7 35. gxh5 gxh5 36. Rb6 Kf8 37. Qxb5 Qa7 38. Ra6 1-0

[Event "HUN-chT2"]
[Site "Hungary"]
[Date "1996.??.??"]
[Round "?"]
[White "Hazai, Laszlo"]
[Black "Pacsay, Laszlo"]
[Result "1/2-1/2"]
[WhiteElo "2465"]
[BlackElo "2270"]
[PlyCount "86"]
[EventDate "1996.??.??"]
[EventType "team"]
[EventRounds "13"]
[EventCountry "HUN"]
[SourceTitle "EXT 2006"]
[Source "ChessBase"]
[SourceDate "2005.11.24"]
[SourceVersion "1"]
[SourceVersionDate "2005.11.24"]
[SourceQuality "1"]

1. e4 e5 2. Nf3 Nf6 3. d4 Nxe4 4. Bd3 d5 5. Nxe5 Bd6 6. 0-0 0-0 7. c4 Bxe5 8. dxe5 Nc6 9. cxd5 Qxd5 10. Qc2 Nc5 11. Bxh7+ Kh8 12. Be3 Ne6 13. f4 g6 14. Bxg6 fxg6 15. Qxg6 Ne7 16. Qh6+ Kg8 17. Nc3 Qd3 18. Rf3 Qh7 19. Qxh7+ Kxh7 20. g4 Ng6 21. Nd5 Ng5 22. Rg3 Ne4 23. Nxc7 Nxg3 24. hxg3 Bxg4 25. Nxa8 Rxa8 26. Rc1 Rc8 27. Rxc8 Bxc8 28. Bxa7 Kh6 29. Kf2 Kh5 30. Kf3 Ne7 31. Bc5 Bg4+ 32. Ke4 Bf5+ 33. Ke3 Nc6 34. Kf3 Be6 35. a4 Bd5+ 36. Ke3 Kg4 37. b4 Kxg3 38. b5 Nd8 39. f5 Kg4 40. Kd4 Bb3 41. e6 Nxe6+ 42. fxe6 Bxe6 43. Ke5 Bc4 1/2-1/2

[Event "HUN-chT2 9596"]
[Site "Hungary"]
[Date "1995.??.??"]
[Round "3"]
[White "Pacsay, Laszlo"]
[Black "Frank, Jozsef1111"]
[Result "1-0"]
[WhiteElo "2270"]
[BlackElo "2220"]
[PlyCount "59"]
[EventDate "1995.??.??"]
[EventType "team"]
[EventRounds "11"]
[EventCountry "HUN"]
[SourceTitle "EXT 2000"]
[Source "ChessBase"]
[SourceDate "1999.11.16"]
[SourceVersion "1"]
[SourceVersionDate "1999.11.16"]
[SourceQuality "1"]

1. d4 Nf6 2. c4 c5 3. d5 g6 4. Nc3 d6 5. e4 b5 6. cxb5 Bg7 7. Nf3 0-0 8. Bd2 a6 9. a4 axb5 10. axb5 Rxa1 11. Qxa1 Bg4 12. Be2 Nbd7 13. 0-0 Nb6 14. Na4 Qb8 15. Ba5 Nfd7 16. Bc3 Nf6 17. b3 Qb7 18. Qb2 Ra8 19. Ra1 Bh6 20. Nxb6 Rxa1+ 21. Qxa1 Qxb6 22. Bxf6 exf6 23. Qa6 Qb8 24. b6 Bc8 25. Qa7 Qb7 26. Qxb7 Bxb7 27. Bb5 f5 28. Bc6 Ba6 29. exf5 gxf5 30. b7 1-0

[Event "HUN-chT2 9495"]
[Site "Hungary"]
[Date "1995.??.??"]
[Round "?"]
[White "Pacsay, Laszlo"]
[Black "Meszaros, Andras"]
[Result "1-0"]
[WhiteElo "2265"]
[BlackElo "2310"]
[PlyCount "77"]
[EventDate "1994.??.??"]
[EventType "team"]
[EventRounds "13"]
[EventCountry "HUN"]
[SourceTitle "EXT 1999"]
[Source "ChessBase"]
[SourceDate "1998.11.16"]
[SourceVersion "1"]
[SourceVersionDate "1998.11.16"]
[SourceQuality "1"]

1. d4 Nf6 2. c4 g6 3. Nc3 Bg7 4. Nf3 0-0 5. g3 d6 6. Bg2 Nbd7 7. 0-0 e5 8. e4 exd4 9. Nxd4 Re8 10. f3 a6 11. Be3 Rb8 12. Qd2 Ne5 13. b3 c5 14. Nde2 b5 15. Rad1 bxc4 16. Bxc5 cxb3 17. Qxd6 Ned7 18. Qxb8 Nxb8 19. Rxd8 Rxd8 20. axb3 Be6 21. b4 Bc4 22. Rc1 Nc6 23. Nf4 g5 24. Nfd5 Nxd5 25. Nxd5 Bxd5 26. exd5 Nd4 27. Kf2 Rxd5 28. Rd1 Rd8 29. Bf1 Ra8 30. Bxd4 Rd8 31. Bxg7 Rxd1 32. Bc3 Rc1 33. Bd2 Rc2 34. Ke1 Ra2 35. Bc4 Ra3 36. Kd1 Kf8 37. Kc2 Ke8 38. Bc3 Kd7 39. Kb2 1-0

[Event "HUN-chT2 9495"]
[Site "Hungary"]
[Date "1995.??.??"]
[Round "?"]
[White "Pacsay, Laszlo"]
[Black "Orso, Janos"]
[Result "1/2-1/2"]
[WhiteElo "2265"]
[BlackElo "2295"]
[PlyCount "29"]
[EventDate "1994.??.??"]
[EventType "team"]
[EventRounds "13"]
[EventCountry "HUN"]
[SourceTitle "EXT 1999"]
[Source "ChessBase"]
[SourceDate "1998.11.16"]
[SourceVersion "1"]
[SourceVersionDate "1998.11.16"]
[SourceQuality "1"]

1. d4 Nf6 2. c4 e6 3. Nc3 Bb4 4. Qc2 c5 5. dxc5 Na6 6. a3 Bxc3+ 7. Qxc3 Nxc5 8. b4 Nce4 9. Qd4 d5 10. e3 0-0 11. Nf3 b6 12. cxd5 Qxd5 13. Qxd5 Nxd5 14. Bd3 Ndf6 15. Bb2 1/2-1/2

[Event "HUN-chT2 9394"]
[Site "Hungary"]
[Date "1994.??.??"]
[Round "?"]
[White "Bogar, Attila"]
[Black "Pacsay, Laszlo"]
[Result "0-1"]
[WhiteElo "2295"]
[BlackElo "2265"]
[PlyCount "70"]
[EventDate "1993.??.??"]
[EventType "team"]
[EventRounds "13"]
[EventCountry "HUN"]
[SourceTitle "TD"]
[Source "ChessBase"]
[SourceDate "1994.03.01"]
[SourceVersion "1"]
[SourceVersionDate "1994.03.01"]
[SourceQuality "1"]

1. e4 e5 2. Nf3 Nf6 3. Nxe5 d6 4. Nf3 Nxe4 5. Nc3 Nxc3 6. dxc3 Be7 7. Be3 Bg4 8. h3 Be6 9. Nd4 Bd7 10. Qf3 Nc6 11. Nxc6 Bxc6 12. Qg4 Bf6 13. Bd3 h5 14. Qg3 Qd7 15. 0-0-0 h4 16. Qf4 Bxg2 17. Rhe1 Kf8 18. Bf5 Qd8 19. f3 g6 20. Bg4 Be5 21. Qc4 f5 22. Qe2 fxg4 23. Qxg2 g3 24. f4 Bf6 25. Bd4 Kg7 26. Re6 Bxd4 27. cxd4 Re8 28. Rde1 Rxe6 29. Rxe6 Qf8 30. Qxb7 Qxf4+ 31. Kd1 Qxd4+ 32. Kc1 Rf8 33. Qxc7+ Kh6 34. Re1 Rf2 35. Qa5 g2 0-1

[Event "HUN-chT2 9394"]
[Site "Hungary"]
[Date "1994.??.??"]
[Round "?"]
[White "Pacsay, Laszlo"]
[Black "Marosi, Csaba"]
[Result "1/2-1/2"]
[WhiteElo "2265"]
[BlackElo "2255"]
[PlyCount "211"]
[EventDate "1993.??.??"]
[EventType "team"]
[EventRounds "13"]
[EventCountry "HUN"]
[SourceTitle "TD"]
[Source "ChessBase"]
[SourceDate "1994.03.01"]
[SourceVersion "1"]
[SourceVersionDate "1994.03.01"]
[SourceQuality "1"]

1. d4 d5 2. c4 c6 3. cxd5 cxd5 4. Nc3 Nf6 5. Bf4 Nc6 6. e3 Qb6 7. a3 Bf5 8. Na4 Qa5+ 9. b4 Qd8 10. Nc5 Qb6 11. Nf3 e6 12. Be2 Be7 13. h3 0-0 14. g4 Bg6 15. g5 Ne4 16. Nd7 Bxb4+ 17. axb4 Qxb4+ 18. Kf1 Rfc8 19. Kg2 Nc3 20. Qd2 Na5 21. Nc5 Rxc5 22. dxc5 Nb3 23. Qb2 Nxe2 24. Ra3 Bc2 25. Bd6 a5 26. Qxc2 Qxa3 27. Qxe2 b6 28. Nd4 Nxc5 29. Rb1 Qa4 30. Rxb6 Ne4 31. Qb2 Qe8 32. Be5 Nc5 33. Rb8 Rxb8 34. Qxb8 Qxb8 35. Bxb8 Ne4 36. h4 Kf8 37. f3 Nd2 38. f4 Nc4 39. Kf3 a4 40. Ba7 e5 41. Nb5 exf4 42. Kxf4 f6 43. gxf6 gxf6 44. Nc3 a3 45. Nxd5 Kf7 46. Bd4 Ne5 47. Nxf6 Nd3+ 48. Kf5 Nb4 49. Nxh7 Nc2 50. Ng5+ Kg8 51. Bf6 Nxe3+ 52. Kg6 Nd5 53. Ba1 a2 54. Ne6 Ne7+ 55. Kg5 Kf7 56. Nd4 Ng6 57. Nb3 Nxh4 58. Kxh4 Ke6 59. Nc1 Kd5 60. Nxa2 Kc6 61. Kg4 Kd5 62. Kf4 Kc5 63. Ke4 Kc4 64. Bd4 Kb3 65. Nc3 Kc4 66. Nd5 Kb5 67. Ne7 Kc4 68. Nf5 Kb5 69. Kd5 Kb4 70. Ne3 Kb5 71. Bc5 Ka4 72. Kc4 Ka5 73. Nf5 Ka6 74. Nd6 Ka5 75. Bd4 Ka6 76. Kc5 Ka5 77. Bc3+ Ka6 78. Kc6 Ka7 79. Kc7 Ka6 80. Be1 Ka7 81. Nc8+ Ka6 82. Nd6 Ka7 83. Bd2 Ka6 84. Kc6 Ka7 85. Nb5+ Kb8 86. Bf4+ Ka8 87. Be3 Kb8 88. Nc7 Kc8 89. Ba7 Kd8 90. Bc5 Kc8 91. Na6 Kd8 92. Be3 Ke8 93. Kd5 Ke7 94. Nc5 Ke8 95. Bf4 Kd8 96. Kd6 Kc8 97. Be5 Kb8 98. Kc6+ Kc8 99. Nd3 Kd8 100. Kd6 Kc8 101. Nc5 Kb8 102. Kc6+ Kc8 103. Bd6 Kd8 104. Ne6+ Ke8 105. Ng5 Kd8 106. Kd5 1/2-1/2

[Event "HUN-chT2 9293"]
[Site "Hungary"]
[Date "1993.??.??"]
[Round "?"]
[White "Szurovszky, Elek"]
[Black "Pacsay, Laszlo"]
[Result "1-0"]
[WhiteElo "2280"]
[BlackElo "2280"]
[PlyCount "73"]
[EventDate "1992.??.??"]
[EventType "team"]
[EventRounds "12"]
[EventCountry "HUN"]
[SourceTitle "TD"]
[Source "ChessBase"]
[SourceDate "1994.03.01"]
[SourceVersion "1"]
[SourceVersionDate "1994.03.01"]
[SourceQuality "1"]

1. e4 e5 2. Nf3 Nf6 3. Nc3 Nc6 4. d4 exd4 5. Nxd4 Bb4 6. Nxc6 bxc6 7. Bd3 d5 8. exd5 cxd5 9. 0-0 0-0 10. Bg5 c6 11. Qf3 Be7 12. h3 Rb8 13. b3 Be6 14. Rad1 h6 15. Bf4 Rb7 16. Na4 Qa5 17. Bd2 Qc7 18. Ba6 Rbb8 19. Bf4 Bd6 20. Bxh6 Ne4 21. Bc1 f5 22. Bb2 Qa5 23. Bd3 Rbe8 24. Qe3 Re7 25. f3 Nf6 26. Qg5 Qc7 27. f4 Ne4 28. Bxe4 dxe4 29. c4 Ref7 30. Qg6 Qe7 31. Kh1 e3 32. Rde1 Bd7 33. Re2 Rf6 34. Bxf6 Rxf6 35. Qg3 Re6 36. Rf3 Re4 37. Rfxe3 1-0